World's Largest Companies - 1990-2025 - Statistics

General Stats
  • This quiz has been taken 15 times
  • The average score is 36 of 80
Answer Stats
Year Rank Company % Correct
2025 5 Amazon
100%
2020 3 Amazon
100%
2015 6 Amazon
100%
2020 5 Facebook
100%
2015 7 Facebook
100%
1990 10 Verizon Communications
100%
2025 2 Apple
91%
2020 1 Apple
91%
2015 1 Apple
91%
2010 2 Apple
91%
2025 4 Microsoft
82%
2020 2 Microsoft
82%
2015 3 Microsoft
82%
2010 3 Microsoft
82%
2005 2 Microsoft
82%
2000 6 Microsoft
82%
1995 7 Microsoft
82%
2025 8 Tesla
82%
2020 6 Tesla
82%
2020 10 Walmart
73%
2010 5 Walmart
73%
2005 5 Walmart
73%
2000 5 Walmart
73%
1995 8 Walmart
73%
1990 3 Walmart
73%
2005 6 Bank of America
64%
2025 1 NVIDIA
64%
2025 3 Alphabet
55%
2020 4 Alphabet
55%
2015 2 Alphabet
55%
2010 6 Alphabet
55%
2025 6 Meta Platforms
55%
2025 9 Berkshire Hathaway
45%
2020 7 Berkshire Hathaway
45%
2015 4 Berkshire Hathaway
45%
2010 4 Berkshire Hathaway
45%
1995 2 Coca-Cola
45%
1990 6 Coca-Cola
45%
2005 9 Intel
45%
2000 8 Intel
45%
1995 10 Intel
45%
2015 10 JPMorgan Chase
45%
2010 7 Chevron
36%
2025 10 Eli Lilly
27%
2010 9 IBM
27%
1995 9 IBM
27%
1990 2 IBM
27%
2020 9 Johnson & Johnson
27%
2015 8 Johnson & Johnson
27%
2010 10 Johnson & Johnson
27%
2005 7 Johnson & Johnson
27%
1995 6 Johnson & Johnson
27%
1990 9 Johnson & Johnson
27%
2025 7 Broadcom
18%
2000 7 Citigroup
18%
2015 5 Exxon Mobil
18%
2010 1 Exxon Mobil
18%
2005 1 Exxon Mobil
18%
2000 1 Exxon Mobil
18%
1995 1 Exxon Mobil
18%
1990 1 Exxon Mobil
18%
2005 4 General Electric
18%
2000 2 General Electric
18%
1995 3 General Electric
18%
1990 7 General Electric
18%
2020 8 Visa
18%
2015 9 Wells Fargo
18%
2010 8 Procter & Gamble
9%
2005 10 AIG
0%
2000 10 AIG
0%
1990 4 Bristol-Myers Squibb
0%
2000 3 Cisco Systems
0%
2005 3 Citigroup
0%
2000 9 Merck
0%
1995 4 Merck
0%
1990 5 Merck
0%
2005 8 Pfizer
0%
2000 4 Pfizer
0%
1995 5 Procter & Gamble
0%
1990 8 Procter & Gamble
0%
No matching quizzes found
Score Distribution
Percent of People with Each Score
Percentile by Number Answered
Your Score History
You have not taken this quiz